[История Сибири]. Т. 2: Сибирь в составе феодальной России (Запись № 8762243)

Подробности
000 -МАРКЕР
контрольное поле 01422nam2a22002771 4500
001 - ИДЕНТИФИКАТОР ЗАПИСИ
контрольное поле rc\4456583
005 - ИДЕНТИФИКАТОР ВЕРСИИ
контрольное поле 20250611175738.0
021 ## - НОМЕР ГОСУДАРСТВЕННОЙ РЕГИСТРАЦИИ
Код страны российская федерация
Номер 67-РК-1120/12,17
021 ## - НОМЕР ГОСУДАРСТВЕННОЙ РЕГИСТРАЦИИ
Код страны российская федерация
Номер Рг4277-67
035 ## - ДРУГИЕ СИСТЕМНЫЕ НОМЕРА
Идентификатор записи (NLR Aleph) 008321895
100 ## - ДАННЫЕ ОБЩЕЙ ОБРАБОТКИ
Данные общей обработки 20130416d1965 |||y0rusy50 ca
101 0# - ЯЗЫК РЕСУРСА
Язык текста, звукозаписи и т.д. русский
102 ## - СТРАНА ПУБЛИКАЦИИ ИЛИ ПРОИЗВОДСТВА
Страна публикации российская федерация
105 ## - ПОЛЕ КОДИРОВАННЫХ ДАННЫХ: ТЕКСТОВЫЕ МАТЕРИАЛЫ, МОНОГРАФИЧЕСКИЕ
Кодированные данные о монографическом текстовом документе y z |||||
200 1# - ЗАГЛАВИЕ И СВЕДЕНИЯ ОБ ОТВЕТСТВЕННОСТИ
Основное заглавие Сибирь в составе феодальной России
Первые сведения об ответственности Редколлегия: В.И. Шунков (отв. ред.) [и др.]
Последующие сведения об ответственности Гл. редколлегия: А.П. Окладников (гл. ред.)] [и др.]. Раздел 2
210 ## - ПУБЛИКАЦИЯ, РАСПРОСТРАНЕНИЕ И ДР.
Место издания, распространения и т.д. Москва
Дата издания, распространения и т.д. 1965
215 ## - ФИЗИЧЕСКАЯ ХАРАКТЕРИСТИКА
Специфическое обозначение материала и объем 391 с.
461 #0 - УРОВЕНЬ НАБОРА
Встроенное поле 001rc\4456580
-- 2001#$a[История Сибири]$eМакет$e[В 5 т.]$eТ. 1-$fАкад. наук СССР. Сиб. отд-ние. Отд. гуманитарных исследований Ин-та экономики$vТ. 2
Системный номер (АБИС) связанной записи 8762228
Место публикации Улан-Удэ
Дата публикации 1964
Первые сведения об ответственности Акад. наук СССР. Сиб. отд-ние. Отд. гуманитарных исследований Ин-та экономики
Имя издателя, распространителя и т.д. Б. и.
Сведения, относящиеся к заглавию Макет : [В 5 т.] : Т. 1-
Заглавие [История Сибири]
Номер тома Т. 2
702 #1 - ИМЯ ЛИЦА - ВТОРИЧНАЯ ОТВЕТСТВЕННОСТЬ
Начальный элемент ввода Шунков
Часть имени, кроме начального элемента ввода В.И.
Код отношения Редактор
702 #1 - ИМЯ ЛИЦА - ВТОРИЧНАЯ ОТВЕТСТВЕННОСТЬ
Начальный элемент ввода Окладников
Часть имени, кроме начального элемента ввода А.П.
Расширение инициалов личного имени Алексей Павлович
Код отношения Редактор
801 #0 - ИСТОЧНИК ЗАПИСИ
Страна российская федерация
Организация NLR
Правила каталогизации psbo
801 #1 - ИСТОЧНИК ЗАПИСИ
Страна российская федерация
Организация ELAR
Источник данных rusmarc
852 ## - МЕСТОНАХОЖДЕНИЕ И ШИФР ХРАНЕНИЯ
Идентификатор организации NLR
Шифр хранения (Call Number) 65-7/1142
942 ## - ДОПОЛНИТЕЛЬНЫЕ ЭЛЕМЕНТЫ ЗАПИСИ (АБИС)
Тип экземпляра АБИС Книга
980 ## - КОЛЛЕКЦИЯ
Название коллекции Национальная библиография
Экземпляры
Тип экземпляра Дата поступления Библиотека постоянного хранения Библиотека текущего хранения Место хранения Шифр хранения Штрих-код Статус не для выдачи
Книга 26.10.2013 РНБ (Московский) РНБ (Московский) Русский книжный фонд: издания с 1957 года, 3этаж Хран 65-7/1142 8321895-10